000 00728cab a22002295a 4500
001 L154993
008 120214s2011 xxkd f s 000 0 eng d
035 _a(Sirsi) u154993
041 0 _aeng
100 1 _aOsipova, Ekaterina
245 0 0 _aHow procurement options influence risk management in construction projects
260 _c2011
490 _aConstruction Management and Economics
_v(29) October-December 2011, 1049-1058(10)
520 _aExamines how risk management was carried out in 11 Swedish construction projects.
590 _aKA
651 4 _aSweden
690 _aProcurement-old
690 _aCost management
_96233
690 _aProject management
_96261
700 1 _aEriksson, Per Erik
942 _n0
999 _c83772
_d83772